000 00632nam a2200217 i 4500
001 142902
003 ES-MaACL
005 20230906200644.0
007 t|
008 071010s1964 sp af |||| | spa d
100 1 _aVicente, Antonio.
_9114327
245 1 0 _aTransmisiones modernas /
_cpor Antonio Vicente.
250 _a1ª ed.
260 _aBarcelona :
_bCEAC,
_c1964.
300 _a190 p., 8 h. de lám. col. pleg. :
_bil. ;
_c22 cm.
490 1 _aMotor y automóvil
650 4 _aAutomóviles-
_xTransmisión.
_9165672
830 0 _aMotor y automóvil
_9187261
852 _aES-MaACL
_jC-30267
999 _c142902
_d142902